<?xml version="1.0" encoding="UTF-8"?>
<record
    xmlns:xsi="http://www.w3.org/2001/XMLSchema-instance"
    xsi:schemaLocation="http://www.loc.gov/MARC21/slim http://www.loc.gov/standards/marcxml/schema/MARC21slim.xsd"
    xmlns="http://www.loc.gov/MARC21/slim">

  <leader>00557nam a22001577a 4500</leader>
  <datafield tag="999" ind1=" " ind2=" ">
    <subfield code="c">113451</subfield>
    <subfield code="d">113451</subfield>
  </datafield>
  <controlfield tag="005">20190803102134.0</controlfield>
  <controlfield tag="008">190803b           ||||| |||| 00| 0 eng d</controlfield>
  <datafield tag="020" ind1=" " ind2=" ">
    <subfield code="a">97896997939064</subfield>
  </datafield>
  <datafield tag="040" ind1=" " ind2=" ">
    <subfield code="c">PK-LaUMT</subfield>
  </datafield>
  <datafield tag="082" ind1=" " ind2=" ">
    <subfield code="a">MSC 320.95491</subfield>
    <subfield code="b">RAO-J</subfield>
  </datafield>
  <datafield tag="100" ind1=" " ind2=" ">
    <subfield code="a">Rao Rasheed = &#x631;&#x627;&#x648; &#x631;&#x634;&#x6CC;&#x62F;</subfield>
  </datafield>
  <datafield tag="245" ind1=" " ind2=" ">
    <subfield code="a">Jo mein naye dekha = &#x62C;&#x648; &#x645;&#x6CC;&#x6BA; &#x646;&#x6D2; &#x62F;&#x6CC;&#x6A9;&#x6BE;&#x627; (&#x67E;&#x627;&#x6A9;&#x633;&#x62A;&#x627;&#x646;&#x6CC; &#x633;&#x6CC;&#x627;&#x633;&#x62A; &#x627;&#x648;&#x631; &#x62D;&#x6A9;&#x645;&#x631;&#x627;&#x646;&#x6CC; &#x6A9;&#x6CC; &#x627;&#x646;&#x62F;&#x631;&#x648;&#x646;&#x6CC; &#x6A9;&#x6C1;&#x627;&#x646;&#x6CC;) /</subfield>
    <subfield code="c">by Rao Rasheed = &#x631;&#x627;&#x648; &#x631;&#x634;&#x6CC;&#x62F;</subfield>
  </datafield>
  <datafield tag="260" ind1=" " ind2=" ">
    <subfield code="a">Lahore :</subfield>
    <subfield code="b">Jamhoori Publications,</subfield>
    <subfield code="c">2015</subfield>
  </datafield>
  <datafield tag="546" ind1=" " ind2=" ">
    <subfield code="a">Urdu</subfield>
  </datafield>
  <datafield tag="942" ind1=" " ind2=" ">
    <subfield code="c">BK</subfield>
  </datafield>
  <datafield tag="952" ind1=" " ind2=" ">
    <subfield code="0">0</subfield>
    <subfield code="1">0</subfield>
    <subfield code="4">0</subfield>
    <subfield code="7">0</subfield>
    <subfield code="a">01</subfield>
    <subfield code="b">01</subfield>
    <subfield code="d">2019-08-03</subfield>
    <subfield code="l">0</subfield>
    <subfield code="o">MSC 320.95491 RAO-J</subfield>
    <subfield code="p">112509</subfield>
    <subfield code="r">2019-08-03 00:00:00</subfield>
    <subfield code="w">2019-08-03</subfield>
    <subfield code="y">BK</subfield>
  </datafield>
</record>
